| 000 | 01003nam a2200361 a 4500 | ||
|---|---|---|---|
| 003 | AR-BaBNM | ||
| 005 | 20251128203138.0 | ||
| 008 | 082120s2002 ||||||||||||||000 | spa|| | ||
| 020 | _a84-335-8025-6 | ||
| 040 | _cAR-BaBNM | ||
| 100 | 1 | _aDomingo, José | |
| 245 | 0 | 0 |
_aLa novela española del siglo XX _bde la generación del 98 a la guerra civil. 1 |
| 260 |
_aBarcelona _bLabor _c1973 |
||
| 300 | _a162 p. | ||
| 490 | 0 |
_aNueva colección Labor _vv. 147 |
|
| 500 | _aContiene índice de nombres en p. 155 | ||
| 650 | 4 | _aTEORIA LITERARIA | |
| 650 | 4 | _aREALISMO | |
| 650 | 4 | _aLITERATURA ESPAÑOLA | |
| 650 | 4 | _aLITERATURA CONTEMPORANEA | |
| 650 | 4 | _aHISTORIA LITERARIA | |
| 650 | 4 | _aCULTURAS LITERARIAS | |
| 650 | 4 | _aESCRITORES | |
| 650 | 4 | _aCULTURAS LITERARIAS | |
| 650 | 4 | _aCRITICA LITERARIA | |
| 653 | _aGENERACION DE 1898 | ||
| 653 | _aLITERATURA EROTICA | ||
| 653 | _aCOSTUMBRISMO | ||
| 653 | _aNOVELA SOCIAL | ||
| 655 | _aLITERATURA | ||
| 942 | _cBK | ||
| 998 | _cMARTIN | ||
| 999 |
_c2119 _d2119 |
||